Normal view
MARC view
- Hinders, Mark K.,
Entry Personal Name
001 - CONTROL NUMBER
- control field: 84638
003 - CONTROL NUMBER IDENTIFIER
- control field: NUST
005 - DATE AND TIME OF LATEST TRANSACTION
- control field: 20211119151541.0
008 - FIXED-LENGTH DATA ELEMENTS
- fixed length control field: 211119|| aca||aabn | a|a d
040 ## - CATALOGING SOURCE
- Original cataloging agency: NUST
- Transcribing agency: NUST
100 ## - HEADING--PERSONAL NAME
- Personal name: Hinders, Mark K.,
- Dates associated with a name: 1963-
670 ## - SOURCE DATA FOUND
- Source citation: Work cat.: (NUST)32960: Fehlman, William L. 84634, Mobile robot navigation with intelligent infrared image interpretation /, c2009.
